| 000 | 00323 a2200145 4500 | ||
|---|---|---|---|
| 001 | 33580 | ||
| 082 | _a532.051PAN | ||
| 090 |
_c22352 _d22352 |
||
| 100 | _aPAnton, R.L. | ||
| 245 | _aIncompressible flow, 2/e | ||
| 250 | _a2 | ||
| 260 |
_aNY _bJohn Wiley _c1996 |
||
| 300 | _a838 p. | ||
| 500 | _aMS textbook Aerospace | ||
| 942 |
_aNUST-CAE _k532.051PAN |
||
| 999 |
_c268653 _d268653 |
||